000 004880000a22001930004500
003 LK-CoMWRAF
005 20231019205824.0
008 230817t ||||| |||| 00| 0 eng d
020 _a0440402891
040 _aLK-CoMWRAF
_dLK-CoMWRAF
_eLK-CoMWRAF
041 _aeng
082 _a823
_bLOW
100 _aLowry, Lois
245 _aAnastasia, ask your analyst
260 _aNew York :
_bBantam doubleday dell books,
_c1984
300 _a119p
650 _aEnglish Fiction
942 _cBK
999 _c1962
_d1962